000 00355nam a22001577a 4500
003 MPLRDC
005 20220104143757.0
008 210129b ||||| |||| 00| 0 eng d
082 _a192.3 YM c.3
100 _a不详
245 _a给女人的悄悄话
_c
260 _a
_b辅新书局
_c1993
300 _b
650 _a
942 _cBK
_o192.3 YM c.3
999 _c43236
_d43226